00530nam a2200205Ia 450000500170000000800460001703700110006304000080007404000080008204000080009004100080009804100080010608400080011410000440012224500570016626000090022330000100023265000120024270000700025420260430150455.0008 250103s9999 xx 000 0 eng d aTheses aCRL beng ceng 2eng aeng qCRL aLalit Prasad Au.; Rai Santosh Kumar Gu. 0aAgrarian Labour Relations in Agra Division 1880-1950 c2022 a443p. aHistory aUniversity of Delhi. Faculty of Social Sciences. Deptt.of History